00455nam a2200133Ia 4500008004100000100002400041245007200065245005400137260004900191260000900240300001100249650001300260856004800273170221s9999 xx 000 0 und d aWesnser, Bradley S. 3aAn analysis of reliability and resilience in high reliability teams cBradley S. Wesnser, Sam Houston State University. bJournal of Management and Marketing Research c2012 a32 : 4 xBusiness uhttp://www.aabri.com/manuscripts/142071.pdf